Odškodňování pracovních úrazů a nemocí z povolání… Zklamání na všech frontách

Zákonné poistenie a zodpovednosť zamestnávateľa za škodu vzniknutú zamestnancom pri pracovnom úraze alebo chorobe z povolania. Podmienky vzniku zodpovednosti a rozsah náhrady určenej zákonom. Systém odškodňovania pri pracovných úrazoch a chorobách z povolania.

Salvato in:
Dettagli Bibliografici
Autore principale: Moravcová, Stanislava
Natura: Capitolo di libro
Lingua:ceco
Soggetti:
Tags: Aggiungi Tag
Nessun Tag, puoi essere il primo ad aggiungerne!!

MARC

LEADER 00000nla a2200000 4500
001 0222247
005 20240111122131.0
041 0 |a cze 
044 |a CZ 
245 1 0 |a Odškodňování pracovních úrazů a nemocí z povolání… Zklamání na všech frontách  |c Stanislava Moravcová 
520 |a Zákonné poistenie a zodpovednosť zamestnávateľa za škodu vzniknutú zamestnancom pri pracovnom úraze alebo chorobe z povolania. Podmienky vzniku zodpovednosti a rozsah náhrady určenej zákonom. Systém odškodňovania pri pracovných úrazoch a chorobách z povolania. 
610 2 0 |a poisťovníctvo 
610 2 0 |a poisťovne 
610 2 0 |a poistenie zákonné 
610 2 0 |a udalosti poistné 
610 2 0 |a úrazy pracovné 
610 2 0 |a choroby z povolania 
610 2 0 |a náhrada poistná 
610 2 0 |a zodpovednosť za škody 
100 1 |a Moravcová, Stanislava